<?xml version="1.0" encoding="UTF-8"?>
<record
    xmlns:xsi="http://www.w3.org/2001/XMLSchema-instance"
    xsi:schemaLocation="http://www.loc.gov/MARC21/slim http://www.loc.gov/standards/marcxml/schema/MARC21slim.xsd"
    xmlns="http://www.loc.gov/MARC21/slim">

  <leader>00603nam a22001937a 4500</leader>
  <controlfield tag="005">20240527135146.0</controlfield>
  <controlfield tag="008">240527b        |||||||| |||| 00| 0 eng d</controlfield>
  <datafield tag="020" ind1=" " ind2=" ">
    <subfield code="a">978-81-910464-2-7</subfield>
  </datafield>
  <datafield tag="041" ind1=" " ind2=" ">
    <subfield code="a">eng</subfield>
  </datafield>
  <datafield tag="082" ind1=" " ind2=" ">
    <subfield code="2">8th</subfield>
    <subfield code="a">PB 610 CLE B10997</subfield>
    <subfield code="b">CLE</subfield>
  </datafield>
  <datafield tag="100" ind1=" " ind2=" ">
    <subfield code="a">Clement I</subfield>
    <subfield code="9">119826</subfield>
  </datafield>
  <datafield tag="245" ind1=" " ind2=" ">
    <subfield code="a">Nursing P. B. B. Sc. Solved Question Papers 2nd Year: 2008 To 2024</subfield>
  </datafield>
  <datafield tag="250" ind1=" " ind2=" ">
    <subfield code="a">8th</subfield>
  </datafield>
  <datafield tag="260" ind1=" " ind2=" ">
    <subfield code="a">Bangalore</subfield>
    <subfield code="b">EMMESS Medical Pub.</subfield>
    <subfield code="c">2024</subfield>
  </datafield>
  <datafield tag="300" ind1=" " ind2=" ">
    <subfield code="a">668p</subfield>
    <subfield code="b">Pb</subfield>
    <subfield code="c">27X21cm</subfield>
  </datafield>
  <datafield tag="365" ind1=" " ind2=" ">
    <subfield code="a">Rupaye</subfield>
    <subfield code="b">1475.00</subfield>
    <subfield code="c">INR</subfield>
  </datafield>
  <datafield tag="521" ind1=" " ind2=" ">
    <subfield code="a">2nd Year 
Nursing P. B. B. Sc.
Solved Question Papers
By I Clement</subfield>
  </datafield>
  <datafield tag="942" ind1=" " ind2=" ">
    <subfield code="c">BK</subfield>
  </datafield>
  <datafield tag="999" ind1=" " ind2=" ">
    <subfield code="c">357977</subfield>
    <subfield code="d">357977</subfield>
  </datafield>
  <datafield tag="952" ind1=" " ind2=" ">
    <subfield code="0">0</subfield>
    <subfield code="1">0</subfield>
    <subfield code="2">ddc</subfield>
    <subfield code="4">0</subfield>
    <subfield code="7">3</subfield>
    <subfield code="a">BTIN</subfield>
    <subfield code="b">BTIN</subfield>
    <subfield code="d">2024-05-27</subfield>
    <subfield code="e">Varad Enterprises</subfield>
    <subfield code="g">1475.00</subfield>
    <subfield code="i">11/2024-25</subfield>
    <subfield code="o">PB 610 CLE B10997 </subfield>
    <subfield code="p">BTIN-BK-10997</subfield>
    <subfield code="r">2025-01-15 00:00:00</subfield>
    <subfield code="t">472.00</subfield>
    <subfield code="v">1003.00</subfield>
    <subfield code="w">2024-05-25</subfield>
    <subfield code="y">BK</subfield>
    <subfield code="z">BTIN-BK-10997</subfield>
  </datafield>
  <datafield tag="952" ind1=" " ind2=" ">
    <subfield code="0">0</subfield>
    <subfield code="1">0</subfield>
    <subfield code="2">ddc</subfield>
    <subfield code="4">0</subfield>
    <subfield code="7">0</subfield>
    <subfield code="a">BTIN</subfield>
    <subfield code="b">BTIN</subfield>
    <subfield code="d">2024-05-27</subfield>
    <subfield code="e">Varad Enterprises</subfield>
    <subfield code="g">1475.00</subfield>
    <subfield code="i">11/2024-25</subfield>
    <subfield code="l">7</subfield>
    <subfield code="o">PB 610 CLE B10998 </subfield>
    <subfield code="p">BTIN-BK-10998</subfield>
    <subfield code="r">2026-02-24 10:04:30</subfield>
    <subfield code="s">2026-02-07</subfield>
    <subfield code="t">472.00</subfield>
    <subfield code="v">1003.00</subfield>
    <subfield code="w">2024-05-25</subfield>
    <subfield code="y">BK</subfield>
    <subfield code="z">BTIN-BK-10998</subfield>
  </datafield>
  <datafield tag="952" ind1=" " ind2=" ">
    <subfield code="0">0</subfield>
    <subfield code="1">0</subfield>
    <subfield code="2">ddc</subfield>
    <subfield code="4">0</subfield>
    <subfield code="7">0</subfield>
    <subfield code="a">BTIN</subfield>
    <subfield code="b">BTIN</subfield>
    <subfield code="d">2024-05-27</subfield>
    <subfield code="e">Varad Enterprises</subfield>
    <subfield code="g">1475.00</subfield>
    <subfield code="i">11/2024-25</subfield>
    <subfield code="l">10</subfield>
    <subfield code="m">4</subfield>
    <subfield code="o">PB 610 CLE B10999 </subfield>
    <subfield code="p">BTIN-BK-10999</subfield>
    <subfield code="r">2026-02-20 10:25:50</subfield>
    <subfield code="s">2026-02-07</subfield>
    <subfield code="t">472.00</subfield>
    <subfield code="v">1003.00</subfield>
    <subfield code="w">2024-05-25</subfield>
    <subfield code="y">BK</subfield>
    <subfield code="z">BTIN-BK-10999</subfield>
  </datafield>
  <datafield tag="952" ind1=" " ind2=" ">
    <subfield code="0">0</subfield>
    <subfield code="1">0</subfield>
    <subfield code="2">ddc</subfield>
    <subfield code="4">0</subfield>
    <subfield code="7">0</subfield>
    <subfield code="a">BTIN</subfield>
    <subfield code="b">BTIN</subfield>
    <subfield code="d">2024-05-27</subfield>
    <subfield code="e">Varad Enterprises</subfield>
    <subfield code="g">1475.00</subfield>
    <subfield code="i">11/2024-25</subfield>
    <subfield code="l">11</subfield>
    <subfield code="m">1</subfield>
    <subfield code="o">PB 610 CLE B11000 </subfield>
    <subfield code="p">BTIN-BK-11000</subfield>
    <subfield code="r">2026-02-20 10:26:04</subfield>
    <subfield code="s">2026-02-07</subfield>
    <subfield code="t">472.00</subfield>
    <subfield code="v">1003.00</subfield>
    <subfield code="w">2024-05-25</subfield>
    <subfield code="y">BK</subfield>
    <subfield code="z">BTIN-BK-11000</subfield>
  </datafield>
  <datafield tag="952" ind1=" " ind2=" ">
    <subfield code="0">0</subfield>
    <subfield code="1">0</subfield>
    <subfield code="2">ddc</subfield>
    <subfield code="4">0</subfield>
    <subfield code="7">0</subfield>
    <subfield code="a">BTIN</subfield>
    <subfield code="b">BTIN</subfield>
    <subfield code="d">2024-05-27</subfield>
    <subfield code="e">Varad Enterprises</subfield>
    <subfield code="g">1475.00</subfield>
    <subfield code="i">11/2024-25</subfield>
    <subfield code="l">13</subfield>
    <subfield code="m">2</subfield>
    <subfield code="o">PB 610 CLE B11001 </subfield>
    <subfield code="p">BTIN-BK-11001</subfield>
    <subfield code="r">2026-01-06 15:07:16</subfield>
    <subfield code="s">2025-12-19</subfield>
    <subfield code="t">472.00</subfield>
    <subfield code="v">1003.00</subfield>
    <subfield code="w">2024-05-25</subfield>
    <subfield code="y">BK</subfield>
    <subfield code="z">BTIN-BK-11001</subfield>
  </datafield>
</record>
